000
00223 a2200097 4500
001
40909
100
_a
Mertnel, J A
245
_a
basic engineering principles
260
_a
West Part
_b
Avi Pubs Co
_c
090
_c
25162
_d
25162
942
_a
NUST-CAE
_c
M
_c
16850
999
_c
275982
_d
275982